000 00796nam a2200253Ia 4500
003 OSt
005 20221005050026.0
006 a|||||r|||| 00| 0
007 ta
008 221004b |||||||| |||| 00| 0 ben d
020 _a8176126403 (hbk)
_c450
024 _a4208
037 _b765, 16/03/2013, Bright Book Service
_cTextual
040 _aCRL
_cCRL
_bben
041 _2ben
_aben
082 _aO157,3N145x, P0;Q1
100 _aBiswas Achintya
_9594218
245 0 _aAdwaita mallabarman rachanasamagra
260 _aKolkata
_bSudhangshu Sekhar Dey Dey's Publishing India
_c2011
300 _a720p.
_ccm.
650 _aBENGALI LITERATURE
942 _hO157,3N145x, P0;Q1
_cTEXL
_2cc
999 _c956144
_d956144